Normal view
MARC view
- POOJA M.R
Entry Personal Name
001 - CONTROL NUMBER
- control field: 3819
003 - CONTROL NUMBER IDENTIFIER
- control field: OSt
005 - DATE AND TIME OF LATEST TRANSACTION
- control field: 20181030151511.0
008 - FIXED-LENGTH DATA ELEMENTS
- fixed length control field: 181030|| aca||aabn | a|a d
040 ## - CATALOGING SOURCE
- Original cataloging agency: OSt
- Transcribing agency: OSt
100 ## - HEADING--PERSONAL NAME
- Personal name: POOJA M.R
670 ## - SOURCE DATA FOUND
- Source citation: Work cat.: (OSt): POOJA M.R, DEVELOPMENT AND EVALUATION OF PROCESS PROTOCOL FOR VACUUM FRIED BITTER GOURD CHIPS (Momordica charantia), 2018
